Statistics for Modern-Day Countries of the Holy Roman Empire on a Map

Click here to take the quiz!

General Stats

  • This quiz has been taken 270 times
    (253 since last reset)
  • The average score is 17 of 17

Answers on the Map

Answers color-coded by a green-red scale on the quiz's map according to % correct below.
Loading ...
 

Answer Stats

Country% Correct
Austria
99%
Liechtenstein
99%
Switzerland
99%
Poland
99%
Netherlands
99%
Belgium
99%
Luxembourg
99%
Italy
99%
Germany
99%
France
99%
Czech Republic
99%
Vatican City
99%
Monaco
98%
San Marino
98%
Croatia
98%
Russia
97%
Slovenia
97%

Score Distribution

Percentile by Number Answered

Percent of People with Each Score

Your Score History

You have not taken this quiz since the last reset